David / (Record no. 3174)

MARC details
000 -LEADER
fixed length control field 00961cam a2200289 a 4500
001 - CONTROL NUMBER
control field 4733065
003 - CONTROL NUMBER IDENTIFIER
control field GBCCL
005 - DATE AND TIME OF LATEST TRANSACTION
control field 20241126110448.0
008 - FIXED-LENGTH DATA ELEMENTS--GENERAL INFORMATION
fixed length control field 840815s1985 njuaf 000 0beng
010 ## -
-- 84017902
020 ## - INTERNATIONAL STANDARD BOOK NUMBER
International Standard Book Number 0800712269 :
Terms of availability $12.95
040 ## - CATALOGING SOURCE
Original cataloging agency DLC
Transcribing agency DLC
Modifying agency DLC
043 ## -
-- n-us---
050 00 -
-- RJ138.R68
-- R68 1985
082 00 - DEWEY DECIMAL CLASSIFICATION NUMBER
Classification number 362.092
-- B
Edition information 19
Item number ROT
100 1# - MAIN ENTRY--PERSONAL NAME
Personal name Rothenberg, Marie.
9 (RLIN) 6544
245 10 - TITLE STATEMENT
Title David /
Statement of responsibility, etc. Marie Rothenberg and Mel White.
260 ## - PUBLICATION, DISTRIBUTION, ETC.
Place of publication, distribution, etc. Old Tappan, N.J. :
Name of publisher, distributor, etc. Revell,
Date of publication, distribution, etc. c1985.
300 ## - PHYSICAL DESCRIPTION
Extent 192 p., [8] p. of plates :
Other physical details ill. ;
Dimensions 24 cm.
600 10 - SUBJECT ADDED ENTRY--PERSONAL NAME
Personal name Rothenberg, David,
Dates associated with a name 1976-
9 (RLIN) 6545
650 #0 - SUBJECT ADDED ENTRY--TOPICAL TERM
Topical term or geographic name entry element Children with disabilities
Geographic subdivision United States
Form subdivision Biography.
9 (RLIN) 6546
650 #0 - SUBJECT ADDED ENTRY--TOPICAL TERM
Topical term or geographic name entry element Abused children
Geographic subdivision United States
Form subdivision Biography.
9 (RLIN) 6547
650 #0 - SUBJECT ADDED ENTRY--TOPICAL TERM
Topical term or geographic name entry element Burns and scalds
General subdivision Patients
Geographic subdivision United States
Form subdivision Biography.
9 (RLIN) 6548
700 1# - ADDED ENTRY--PERSONAL NAME
Personal name White, Mel,
Dates associated with a name 1940-
9 (RLIN) 6549
906 ## - LOCAL DATA ELEMENT F, LDF (RLIN)
a 7
b cbc
c orignew
d 1
e ocip
f 19
g y-gencatlg
942 ## - ADDED ENTRY ELEMENTS (KOHA)
Source of classification or shelving scheme Dewey Decimal Classification
Koha item type Books
Holdings
Withdrawn status Lost status Source of classification or shelving scheme Damaged status Not for loan Home library Current Library Shelving location Date acquired Total checkouts Full call number Barcode Date last seen Copy number Price effective from Koha item type
    Dewey Decimal Classification     GRACE BIBLE COLLEGE GRACE BIBLE COLLEGE General Studies 2017-11-14   362.092 ROT 008626 2025-05-01 c.1 2017-11-14 Books
    Dewey Decimal Classification     GRACE BIBLE COLLEGE GRACE BIBLE COLLEGE General Studies 2018-03-01   362.092 ROT 008628 2025-05-01 c.2 2018-03-01 Books
© Grace Bible College Library 2025